书目信息 |
| 题名: |
贴身的损友
|
|
| 作者: | 南迪 著 ;丘延亮 译 | |
| 分册: | ||
| 出版信息: | 北京 人民出版社 2017 |
|
| 页数: | 23,24,211页 | |
| 开本: | 21cm | |
| 丛书名: | 亚非拉现代思想文丛 | |
| 单 册: | ||
| 中图分类: | D066 | |
| 科图分类: | ||
| 主题词: | 殖民主义--研究 | |
| 电子资源: | ||
| ISBN: | 978-7-01-017795-3 | |
| 000 | 01019oam2 2200265 450 | |
| 001 | 417596 | |
| 005 | 20180527221956.21 | |
| 010 | @a978-7-01-017795-3@dCNY38.00 | |
| 100 | @a20180217d2017 em y0chiy50 ea | |
| 101 | 1 | @achi@cinc |
| 102 | @aCN@b110000 | |
| 105 | @ay z 000yy | |
| 200 | 1 | @a贴身的损友@9tie shen de sun you@e有关多重自身的一些故事@dThe intimate enemy@etales of multiple selves@f(印)阿希斯·南地著@g丘延亮译@zeng |
| 210 | @a北京@c人民出版社@d2017 | |
| 215 | @a23,24,211页@d21cm | |
| 225 | 1 | @a亚非拉现代思想文丛@f陈光兴,高士明主编 |
| 330 | @a本书的主要内容包括:第一篇·殖民主义的心理学-不列颠印度中的性别、年龄和意识形态;第二篇·从殖民中解放的心智-对印度和西方的破殖民看法。 | |
| 461 | 0 | @12001 @a亚非拉现代思想文丛 |
| 510 | 1 | @aIntimate enemy@etales of multiple selves@zeng |
| 606 | 0 | @a殖民主义@x研究 |
| 690 | @aD066@v5 | |
| 701 | 0 | @c(印)@a南迪@9nan di@c(Nandy, Ashis@f1937-)@4著 |
| 702 | 0 | @a丘延亮@9qiu yan liang@4译 |
| 801 | 0 | @aCN@b91MARC@c20180217 |
| 905 | @aMuseLib@dD066@e5 | |
| 贴身的损友:有关多重自身的一些故事=The intimate enemy:tales of multiple selves/(印)阿希斯·南地著/丘延亮译.-北京:人民出版社,2017 |
| 23,24,211页;21cm.-(亚非拉现代思想文丛/陈光兴,高士明主编) |
| ISBN 978-7-01-017795-3:CNY38.00 |
| 本书的主要内容包括:第一篇·殖民主义的心理学-不列颠印度中的性别、年龄和意识形态;第二篇·从殖民中解放的心智-对印度和西方的破殖民看法。 |
| ● |
| 相关链接 |
|
|
|
|
正题名:贴身的损友
索取号:D066/5
 
预约/预借
| 序号 | 登录号 | 条形码 | 馆藏地/架位号 | 状态 | 备注 |
| 1 | 1112062 | 211120623 | 第一样本阅览室/ [索取号:D066/5] | 在馆 | |
| 2 | 1112063 | 211120632 | 教育系资料室/ [索取号:D066/5] | 在馆 | |
| 3 | 1112064 | 211120641 | 教育系资料室/ [索取号:D066/5] | 在馆 | |
| 4 | 1112065 | 211120650 | 第一借阅区/ [索取号:D066/5] | 在馆 |